Conveyancers construct e-project (Record no. 68789)
[ view plain ]
| 000 -LEADER | |
|---|---|
| fixed length control field | 01052cam a2200205 4500 |
| 001 - CONTROL NUMBER | |
| control field | WB3742-29 |
| 008 - FIXED-LENGTH DATA ELEMENTS--GENERAL INFORMATION | |
| fixed length control field | 011105n2001 000 0 eng u |
| 035 ## - SYSTEM CONTROL NUMBER | |
| System control number | (Sirsi) u115500 |
| 245 ## - TITLE STATEMENT | |
| Title | Conveyancers construct e-project |
| 260 ## - PUBLICATION, DISTRIBUTION, ETC. | |
| Date of publication, distribution, etc. | 2001 |
| 490 ## - SERIES STATEMENT | |
| Series statement | Law Society's Gazette |
| Volume/sequential designation | 98(42) 1 November 2001, 22(1) |
| 520 ## - SUMMARY, ETC. | |
| Summary, etc. | It has emerged that the parties involved in the electronic search process for conveyancers are preparing to branch out into electronic registration of title and fund transfer. Searches are currently channelled through three licence-holders, using the National Land Information Service (NLIS) infrastructure. NLIS is the first stage of electronic processing. The second stage will be to extend re-engineering of the search process to e-conveyancing as a whole. |
| 590 ## - LOCAL NOTE (RLIN) | |
| Local note | WB |
| 650 ## - SUBJECT ADDED ENTRY--TOPICAL TERM | |
| Topical term or geographic name entry element | NATIONAL LAND INFORMATION SERVICE |
| 650 ## - SUBJECT ADDED ENTRY--TOPICAL TERM | |
| Topical term or geographic name entry element | ECONVEYANCING |
| 650 ## - SUBJECT ADDED ENTRY--TOPICAL TERM | |
| Topical term or geographic name entry element | LAND REGISTRATION |
| 650 ## - SUBJECT ADDED ENTRY--TOPICAL TERM | |
| Topical term or geographic name entry element | MANAGEMENT-BUSINESS MANAGEMENT-INFORMATION MANAGEMENT |
| 690 ## - LOCAL SUBJECT ADDED ENTRY--TOPICAL TERM (OCLC, RLIN) | |
| Topical term or geographic name as entry element | PROPERTY AND LAND LAW-CONVEYANCING |
| 942 ## - ADDED ENTRY ELEMENTS (KOHA) | |
| Suppress in OPAC | 0 |
| Withdrawn status | Lost status | Source of classification or shelving scheme | Damaged status | Not for loan | Home library | Current library | Shelving location | Date acquired | Total Checkouts | Full call number | Barcode | Date last seen | Copy number | Price effective from | Koha item type |
|---|---|---|---|---|---|---|---|---|---|---|---|---|---|---|---|
| Dewey Decimal Classification | London | London | News article | 05/11/2001 | WB3742-29 | 115500-1001 | 06/08/2019 | 1 | 06/08/2019 | News article |